00250nam a22000977a 4500082001200000100002100012245005200033260002200085300000900107650003600116 a545 YAR aYaroslavtsev,A.A aProblems and exercises in alnalytical chemistry aMirbMoscowc1979 a251p achemistryaanalytical chemistry